|
|
|
|
| LEADER |
00000nam2a2200000 4500 |
| 001 |
265941 |
| 005 |
20231031223327.0 |
| 035 |
|
|
|a (RuTPU)RU\TPU\book\288943
|
| 035 |
|
|
|a RU\TPU\book\288942
|
| 090 |
|
|
|a 265941
|
| 100 |
|
|
|a 20140701d1927 km y0rusy50 ca
|
| 101 |
0 |
|
|a rus
|
| 102 |
|
|
|a RU
|
| 105 |
|
|
|a abcff 001zy
|
| 200 |
0 |
|
|a Т. 5: Барыкова - Бессалько
|
| 210 |
|
|
|d 1927
|
| 215 |
|
|
|a 808 с., [26] вкл. л.
|c ил.
|
| 300 |
|
|
|a Нумерация стр. в двойной пагинации.
|
| 316 |
|
|
|5 63413507: 105280
|a На тит. л. владельческая надпись: "Иван Аверьянович Фомичев"
|
| 320 |
|
|
|a Литература в конце ст.
|
| 461 |
|
1 |
|0 (RuTPU)RU\TPU\book\288931
|t Большая советская энциклопедия
|o в [66] т.
|f гл. ред. О. Ю. Шмидт
|v Т. 5: Барыкова - Бессалько
|d 1926-
|
| 610 |
1 |
|
|a справочные издания
|
| 610 |
1 |
|
|a энциклопедии
|
| 610 |
1 |
|
|a владельческая надпись
|
| 801 |
|
1 |
|a RU
|b 63413507
|c 20140701
|
| 801 |
|
2 |
|a RU
|b 63413507
|c 20140702
|g RCR
|
| 942 |
|
|
|c BK
|